|
|
|
|
| LEADER |
03089nam a22004815i 4500 |
| 001 |
978-3-319-01029-8 |
| 003 |
DE-He213 |
| 005 |
20151031111042.0 |
| 007 |
cr nn 008mamaa |
| 008 |
130905s2014 gw | s |||| 0|eng d |
| 020 |
|
|
|a 9783319010298
|9 978-3-319-01029-8
|
| 024 |
7 |
|
|a 10.1007/978-3-319-01029-8
|2 doi
|
| 040 |
|
|
|d GrThAP
|
| 050 |
|
4 |
|a QC793-793.5
|
| 050 |
|
4 |
|a QC174.45-174.52
|
| 072 |
|
7 |
|a PHQ
|2 bicssc
|
| 072 |
|
7 |
|a SCI051000
|2 bisacsh
|
| 082 |
0 |
4 |
|a 539.72
|2 23
|
| 100 |
1 |
|
|a Gandini, Paolo.
|e author.
|
| 245 |
1 |
0 |
|a Observation of CP Violation in B± → DK± Decays
|h [electronic resource] /
|c by Paolo Gandini.
|
| 264 |
|
1 |
|a Cham :
|b Springer International Publishing :
|b Imprint: Springer,
|c 2014.
|
| 300 |
|
|
|a XIX, 167 p. 127 illus., 115 illus. in color.
|b online resource.
|
| 336 |
|
|
|a text
|b txt
|2 rdacontent
|
| 337 |
|
|
|a computer
|b c
|2 rdamedia
|
| 338 |
|
|
|a online resource
|b cr
|2 rdacarrier
|
| 347 |
|
|
|a text file
|b PDF
|2 rda
|
| 490 |
1 |
|
|a Springer Theses, Recognizing Outstanding Ph.D. Research,
|x 2190-5053
|
| 505 |
0 |
|
|a Introduction -- CP violation in the SM and the CKM angle γ -- The LHCb experiment at the LHC -- Reconstruction and selection -- Background studies -- The simultaneous fit -- Results -- Conclusions -- Distributions of the BDT input variables -- Validation of the ApT variable -- Histograms of systematic errors -- Bibliography.
|
| 520 |
|
|
|a CP violation is a well-established phenomenon in particle physics, but until 2001 it was only observed in kaons. In the last decade, several matter-antimatter asymmetries have been observed in neutral B mesons in line with the expectations of the Standard Model of the weak interaction. Direct CP violation is also expected in the decay rates of charged B+ mesons versus that of B- mesons, though the greatest effects are present in a decay that occurs just twice in 10 million decays. Such rarity requires huge samples to study and this is exactly what the LHC, and its dedicated B-physics experiment LHCb provide. This thesis presents an analysis of the first two years of LHCb data. The author describes the first observation of the rare decay, B- → DK-, D → π-K+ and the first observation of direct CP violation in this B decay. The work consitutes essential information on the experiment’s measurement of a fundamental parameter of the theory and stands as a benchmark against which subsequent analyses of this type will be compared.
|
| 650 |
|
0 |
|a Physics.
|
| 650 |
|
0 |
|a Quantum field theory.
|
| 650 |
|
0 |
|a String theory.
|
| 650 |
|
0 |
|a Elementary particles (Physics).
|
| 650 |
1 |
4 |
|a Physics.
|
| 650 |
2 |
4 |
|a Elementary Particles, Quantum Field Theory.
|
| 650 |
2 |
4 |
|a Quantum Field Theories, String Theory.
|
| 710 |
2 |
|
|a SpringerLink (Online service)
|
| 773 |
0 |
|
|t Springer eBooks
|
| 776 |
0 |
8 |
|i Printed edition:
|z 9783319010281
|
| 830 |
|
0 |
|a Springer Theses, Recognizing Outstanding Ph.D. Research,
|x 2190-5053
|
| 856 |
4 |
0 |
|u http://dx.doi.org/10.1007/978-3-319-01029-8
|z Full Text via HEAL-Link
|
| 912 |
|
|
|a ZDB-2-PHA
|
| 950 |
|
|
|a Physics and Astronomy (Springer-11651)
|